Principles and applications of tribology (Record no. 2705)

000 -LEADER
fixed length control field 00535nam a22002054a 4500
001 - CONTROL NUMBER
control field 2705
003 - CONTROL NUMBER IDENTIFIER
control field BD-DhUET
008 - FIXED-LENGTH DATA ELEMENTS--GENERAL INFORMATION
fixed length control field 980908s1999 nyua 001 0 eng
020 ## - INTERNATIONAL STANDARD BOOK NUMBER
International Standard Book Number 0471594075
040 ## - CATALOGING SOURCE
Original cataloging agency DLC
Transcribing agency DLC
Modifying agency BD-DhUET
082 00 - DEWEY DECIMAL CLASSIFICATION NUMBER
Classification number 621.89
Item number BHU/1999
100 1# - MAIN ENTRY--PERSONAL NAME
Personal name Bhushan, Bharat,
245 10 - TITLE STATEMENT
Title Principles and applications of tribology
Statement of responsibility, etc. by Bharat Bhushan
250 ## - EDITION STATEMENT
Edition statement Ist ed.
260 ## - PUBLICATION, DISTRIBUTION, ETC. (IMPRINT)
Place of publication, distribution, etc. New York
Name of publisher, distributor, etc. John Wiley,
Date of publication, distribution, etc. 1999
300 ## - PHYSICAL DESCRIPTION
Extent xix, 1020 p.
504 ## - BIBLIOGRAPHY, ETC. NOTE
Bibliography, etc Includes bibliographies.
650 #0 - SUBJECT ADDED ENTRY--TOPICAL TERM
Topical term or geographic name as entry element Tribology.
942 ## - ADDED ENTRY ELEMENTS (KOHA)
Koha item type General Book
Holdings
Copy number Not for loan Location (home branch) Withdrawn status Date acquired Koha issues (times borrowed) Sublocation or collection (holding branch) Piece designation (barcode) Koha date last seen Koha full call number Source of classification or shelving scheme Damaged status Price effective from Shelving location Koha date last borrowed Koha item type Lost status Koha normalized classification for sorting
1 Central Library, BUET 2014-09-29 Central Library, BUET968792014-09-29621.89/BHU/1999  2014-09-29Circulation section General Book 621_000000000000000_89BHU1999
2 Central Library, BUET 2014-09-29 Central Library, BUET978242014-09-29621.89/BHU/1999  2014-09-29Circulation section General Book 621_000000000000000_89BHU1999
3 Central Library, BUET 2015-04-261Central Library, BUET978232023-01-09621.89/BHU/1999  2015-04-26Circulation section2022-12-21General Book 621_890000000000000_BHU_1999
4 Central Library, BUET 2015-06-14 Central Library, BUET968782015-06-14621.89/BHU/1999  2015-06-14Reading section Reading Item 621_890000000000000_BHU_1999
5 Central Library, BUET 2002-06-161Central Library, BUET968802023-01-24621.89/BHU/1999  2017-11-04Circulation section2023-01-09General Book 621_890000000000000_BHU_1999